Stochastická optimalizácia v dodávateľskom reťazci

Náročnosť dodávateľského reťazca. K náročnosti prispieva veľký počet projektov dodávateľského reťazca a množstvo interakcií madzi týmito subjektami a externé faktory, ako nepresné údaje o veľkosti dopytu zákazníkov. Stochastické programovanie.

Gespeichert in:
Bibliographische Detailangaben
1. Verfasser: Reiff, Marian, 1978-
Format: Buchkapitel
Sprache:Slowakisch
Schlagworte:
Tags: Tag hinzufügen
Keine Tags, Fügen Sie das erste Tag hinzu!

MARC

LEADER 00000nla$a2200000$$$4500
001 0091552
005 20240502083232.5
041 0 |a slo 
044 |a CZ 
245 1 0 |a Stochastická optimalizácia v dodávateľskom reťazci  |c Marian Reiff 
520 |a Náročnosť dodávateľského reťazca. K náročnosti prispieva veľký počet projektov dodávateľského reťazca a množstvo interakcií madzi týmito subjektami a externé faktory, ako nepresné údaje o veľkosti dopytu zákazníkov. Stochastické programovanie. 
610 2 0 |a optimalizácia 
610 2 0 |a reťazce dodávateľsko-odberateľské 
610 2 0 |a programovanie stochastické 
610 2 0 |a modely 
100 1 |a Reiff, Marian, 1978-